<?xml version="1.0" encoding="UTF-8"?>
<record
    xmlns:xsi="http://www.w3.org/2001/XMLSchema-instance"
    xsi:schemaLocation="http://www.loc.gov/MARC21/slim http://www.loc.gov/standards/marcxml/schema/MARC21slim.xsd"
    xmlns="http://www.loc.gov/MARC21/slim">

  <leader>01293nam a2200241   4500</leader>
  <datafield tag="952" ind1=" " ind2=" ">
    <subfield code="0">0</subfield>
    <subfield code="1">0</subfield>
    <subfield code="4">0</subfield>
    <subfield code="7">0</subfield>
    <subfield code="a">01</subfield>
    <subfield code="b">01</subfield>
    <subfield code="d">2018-01-19</subfield>
    <subfield code="l">1</subfield>
    <subfield code="o">515.5 S849ct 2002</subfield>
    <subfield code="p">01 011486</subfield>
    <subfield code="r">2018-05-23</subfield>
    <subfield code="s">2018-05-23</subfield>
    <subfield code="t">1</subfield>
    <subfield code="w">2018-01-19</subfield>
    <subfield code="y">LB</subfield>
  </datafield>
  <datafield tag="999" ind1=" " ind2=" ">
    <subfield code="c">102824</subfield>
    <subfield code="d">102824</subfield>
  </datafield>
  <controlfield tag="008">180119s2002    MX a|||| |||| 00| 0 spa d</controlfield>
  <datafield tag="050" ind1=" " ind2=" ">
    <subfield code="a">QA303</subfield>
    <subfield code="b">S74 2002</subfield>
  </datafield>
  <datafield tag="082" ind1=" " ind2=" ">
    <subfield code="a">515.5</subfield>
    <subfield code="b">S849ca 2002</subfield>
  </datafield>
  <datafield tag="100" ind1="1" ind2=" ">
    <subfield code="a">Stewart, James</subfield>
    <subfield code="d">, 1941- </subfield>
    <subfield code="e">, autor</subfield>
  </datafield>
  <datafield tag="240" ind1=" " ind2=" ">
    <subfield code="a">Calculus. Early Trascendentals</subfield>
  </datafield>
  <datafield tag="245" ind1=" " ind2=" ">
    <subfield code="a">C&#xE1;lculo. Trascendentes tempranas</subfield>
    <subfield code="c">/ James Stewart ; traducci&#xF3;n Andr&#xE9;s Sestier Bouclier y Jorge Romo</subfield>
  </datafield>
  <datafield tag="250" ind1=" " ind2=" ">
    <subfield code="a">4a. edici&#xF3;n</subfield>
  </datafield>
  <datafield tag="260" ind1=" " ind2=" ">
    <subfield code="a">M&#xE9;xico</subfield>
    <subfield code="b">: Thomson Learning</subfield>
    <subfield code="c">, 2002</subfield>
  </datafield>
  <datafield tag="300" ind1=" " ind2=" ">
    <subfield code="a">xxiii, 1151, A1-A134 p&#xE1;ginas</subfield>
    <subfield code="b">: ilustraciones</subfield>
  </datafield>
  <datafield tag="500" ind1=" " ind2=" ">
    <subfield code="a">Incluye: Ap&#xE9;ndice A1 ; Tabla de Integrales</subfield>
  </datafield>
  <datafield tag="505" ind1=" " ind2=" ">
    <subfield code="a">Funciones y modelos
L&#xED;mites y derivadas
Reglas de derivaci&#xF3;n
Aplicaciones de la derivada
Integrales
Aplicaciones de la integraci&#xF3;n
Otras aplicaciones de la integraci&#xF3;n
Ecuaciones diferenciales
Ecuaciones param&#xE9;tricas y coordenadas polares
Sucesiones y series infinitas
Vectores y geometr&#xED;a del espacio
Funciones vectoriales
Derivadas parciales
Integrales m&#xFA;ltiples
C&#xE1;lculo vectorial
Ecuaciones diferenciales de segundo orden</subfield>
  </datafield>
  <datafield tag="519" ind1=" " ind2=" ">
    <subfield code="a">Material Complementario /</subfield>
    <subfield code="b">C C H /</subfield>
    <subfield code="d">(01 011486)</subfield>
  </datafield>
  <datafield tag="650" ind1="1" ind2="4">
    <subfield code="a">CALCULO</subfield>
  </datafield>
  <datafield tag="650" ind1="2" ind2="4">
    <subfield code="a">DERIVADAS</subfield>
    <subfield code="x">MATEMATICAS</subfield>
  </datafield>
  <datafield tag="700" ind1="1" ind2=" ">
    <subfield code="a">Sestier Bouclier, Andr&#xE9;s</subfield>
    <subfield code="e">traductor</subfield>
  </datafield>
  <datafield tag="700" ind1=" " ind2=" ">
    <subfield code="a">Romo, Jorge Humberto</subfield>
    <subfield code="e">traductor</subfield>
  </datafield>
  <datafield tag="942" ind1=" " ind2=" ">
    <subfield code="c">LB</subfield>
  </datafield>
</record>
